Statistics for Biggest Cities in the Americas

Click here to take the quiz!

General Stats

  • This quiz has been taken 408 times
  • The average score is 20 of 25

Answer Stats

PopulationAnswer% Correct
20.0 milNew York
99%
13.1 milLos Angeles
98%
21.4 milMexico City
97%
9.5 milChicago
95%
13.1 milBuenos Aires
92%
6.3 milHouston
91%
20.8 milSao Paulo
91%
9.0 milBogota
90%
6.7 milSantiago
90%
9.7 milLima
88%
4.3 milSan Francisco
88%
6.8 milDallas
86%
4.5 milBoston
85%
5.6 milMiami
85%
12.1 milRio de Janeiro
83%
5.9 milToronto
82%
5.7 milWashington D.C.
81%
6.0 milPhiladelphia
77%
5.1 milSan Diego
76%
4.4 milGuadalajara
69%
5.3 milAtlanta
68%
4.2 milPhoenix
68%
5.7 milDetroit
64%
5.1 milBelo Horizonte
55%
4.3 milRiverside-San Bernardino
7%

Score Distribution

Percentile by Number Answered

Percent of People with Each Score

Your Score History

You have not taken this quiz